000 01968nam2a22003011 4500
001 rc\4214615
005 20260406105056.0
021 _aRU
_b[46-2724]
035 _a(NLR Aleph) 008211220
090 _a8097829
_c8097829
100 _a20130415d1946 |||y0rusy50 ca
101 0 _arus
102 _aRU
105 _ay z |||||
200 1 _aОтделение струнных инструментов
_f[Разраб. профессора Моск. гос. консерватории им. П.И. Чайковского К.Г. Мостров, С.М. Козолуповым, А.Ф. Гедике и др.]
210 _aМосква
_aЛенинград
_cИскусство
_d1946
_gтип. "Кр. печатник" в М.
215 _a85 с.
_d20
461 0 _1001rc\4214613
_12001#$aУчебные программы для музыкальных училищ$eУтв. ГУУЗ Ком-та по делам искусств при СНК СССР$eВып. 1-$fКом. по делам искусств при СНК СССР. Гл. упр. учеб. заведений$vВып. 2
_98097818
_cМосква
_d1946
_fКом. по делам искусств при СНК СССР. Гл. упр. учеб. заведений
_nИскусство
_oУтв. ГУУЗ Ком-та по делам искусств при СНК СССР : Вып. 1-
_tУчебные программы для музыкальных училищ
_vВып. 2
606 _aМузыкальные училища
_xОтделения струнных инструментов
_xПрограммы (вып. 2)
_2psbo
702 1 _aКозолупов
_bС.М.
_4570
702 1 _aГедике
_bА.Ф.
_4570
702 1 _aМостров
_bК.Г.
_gКонстантин Георгиевич
_4570
712 0 2 _aМосковская консерватория
_3RU\NLR\AUTH\883917
_9279173
801 0 _aRU
_bNLR
_gpsbo
801 1 _aRU
_bELAR
_2rusmarc
852 _aNLR
_jИс80 Г-4/38
942 _cBOOK
980 _aNB